[Event "Bucharest TIT (Women)"]
[Site "Bucharest"]
[Date "1999.03.17"]
[Round "14"]
[White "Andreescu, Aurora Nicoleta"]
[Black "Marin, Irina Luiza"]
[Result "1-0"]
[WhiteElo "2118"]
[BlackElo "2261"]
[PlyCount "92"]
[EventDate "1999.03.04"]
[EventType "tourn"]
[EventRounds "15"]
[EventCountry "ROU"]
[SourceTitle "CBM 069 Extra"]
[Source "ChessBase"]
[SourceDate "1999.05.10"]
[SourceVersion "1"]
[SourceVersionDate "1999.05.10"]
[SourceQuality "1"]

1. e4 c5 2. Nf3 e6 3. d4 cxd4 4. Nxd4 a6 5. Bd3 Nf6 6. 0-0 Qc7 7. Qe2 d6 8. c4 g6 9. Nc3 Bg7 10. Rd1 0-0 11. Nf3 Nc6 12. Bf4 Ng4 13. c5 Nge5 14. cxd6 Qxd6 15. Bb5 Qc5 16. Bxc6 Nxf3+ 17. Qxf3 Qxc6 18. Rac1 f5 19. Rd6 Qc4 20. e5 Qb4 21. Rcd1 Rb8 22. a3 Qxb2 23. a4 b5 24. axb5 axb5 25. Rb1 Qa3 26. Rd3 Qa5 27. Qg3 b4 28. Nd1 Rb5 29. Ne3 Rc5 30. Rdb3 Ba6 31. h4 Bxe5 32. h5 Bxf4 33. Qxf4 Qc7 34. Qxb4 f4 35. Ng4 Rxh5 36. Qd4 e5 37. Qd5+ Kh8 38. Rb6 Bc8 39. Rb8 Rd8 40. Qa8 Kg7 41. Ra1 e4 42. Qxe4 Rhd5 43. Rxc8 Rxc8 44. Qxd5 Rd8 45. Qg5 Rf8 46. Qh6+ Kg8 1-0

[Event "Bucharest TIT (Women)"]
[Site "Bucharest"]
[Date "1999.03.15"]
[Round "12"]
[White "Andreescu, Aurora Nicoleta"]
[Black "Voicu Jagodzinsky, Carmen"]
[Result "0-1"]
[WhiteElo "2118"]
[BlackElo "2156"]
[PlyCount "122"]
[EventDate "1999.03.04"]
[EventType "tourn"]
[EventRounds "15"]
[EventCountry "ROU"]
[SourceTitle "CBM 069 Extra"]
[Source "ChessBase"]
[SourceDate "1999.05.10"]
[SourceVersion "1"]
[SourceVersionDate "1999.05.10"]
[SourceQuality "1"]

1. e4 c5 2. Nf3 e6 3. d4 cxd4 4. Nxd4 Nf6 5. Nc3 d6 6. Be2 a6 7. f4 Be7 8. Bf3 Qc7 9. Be3 Nc6 10. Qd3 Nxd4 11. Bxd4 e5 12. Be3 b5 13. Nd5 Nxd5 14. exd5 exf4 15. Bxf4 0-0 16. 0-0 Bd7 17. Rae1 Rae8 18. Bd2 f5 19. Bb4 Bf6 20. Qa3 Qxc2 21. Qxa6 Bd4+ 22. Kh1 Rxe1 23. Rxe1 Re8 24. Qxd6 Rxe1+ 25. Bxe1 Qc1 26. Qe7 h6 27. Qe2 Bxb2 28. Qd2 Qxd2 29. Bxd2 Kf7 30. Kg1 g5 31. g3 Kf6 32. Kf2 Be5 33. Bb4 f4 34. g4 h5 35. h3 Bd4+ 36. Ke2 hxg4 37. hxg4 Be8 38. Ba5 Bc5 39. Bc3+ Ke7 40. Be4 b4 41. Be5 Bb5+ 42. Bd3 f3+ 43. Kd2 Bd7 44. Bf5 f2 45. Bd3 Bxg4 46. Bf1 Bf3 47. d6+ Bxd6 48. Bd4 Bg3 49. Bc5+ Kd7 50. Ke3 g4 51. Bxb4 Bd5 52. Be2 Kc6 53. Bc3 Bg2 54. Be5 Bxe5 55. Kxf2 Bh3 56. Kg1 Kd5 57. a4 Ke4 58. a5 g3 59. Bf1 Bd4+ 60. Kh1 Bxf1 61. a6 g2+ 0-1

[Event "Bucharest TIT (Women)"]
[Site "Bucharest"]
[Date "1999.03.12"]
[Round "9"]
[White "Vasiesiu, Cristina"]
[Black "Andreescu, Aurora Nicoleta"]
[Result "0-1"]
[WhiteElo "2180"]
[BlackElo "2118"]
[PlyCount "72"]
[EventDate "1999.03.04"]
[EventType "tourn"]
[EventRounds "15"]
[EventCountry "ROU"]
[SourceTitle "CBM 069 Extra"]
[Source "ChessBase"]
[SourceDate "1999.05.10"]
[SourceVersion "1"]
[SourceVersionDate "1999.05.10"]
[SourceQuality "1"]

1. e4 c5 2. Nf3 d6 3. d4 cxd4 4. Nxd4 Nf6 5. Nc3 a6 6. Bg5 e6 7. Qd3 Nc6 8. 0-0-0 Qc7 9. f4 Bd7 10. Bxf6 gxf6 11. Kb1 0-0-0 12. Be2 h5 13. g3 Kb8 14. Nxc6+ Qxc6 15. Bf3 Qb6 16. Ne2 Be7 17. Nd4 Rc8 18. Rhe1 Rc7 19. f5 e5 20. Ne2 Rhc8 21. Bxh5 Rxc2 22. Qxc2 Rxc2 23. Kxc2 d5 24. Nc3 Bb4 25. Rxd5 Bxc3 26. Kxc3 Bc6 27. Rdd1 Qc7 28. Kb3 Qa5 29. Kc2 Qxa2 30. Rd8+ Kc7 31. Rd3 Ba4+ 32. Kc1 Qa1+ 33. Kd2 Qxb2+ 34. Ke3 Qxh2 35. Rc1+ Bc6 36. Bf3 Qh6+ 0-1

[Event "Naujac op 02nd"]
[Site "Naujac"]
[Date "1999.??.??"]
[Round "5"]
[White "Andreescu, Aurora Nicoleta"]
[Black "Doroftei, Laura"]
[Result "1-0"]
[WhiteElo "2115"]
[BlackElo "1795"]
[PlyCount "43"]
[EventDate "1999.07.??"]
[EventType "swiss"]
[EventRounds "7"]
[EventCountry "FRA"]
[SourceTitle "EXT 2000"]
[Source "ChessBase"]
[SourceDate "1999.11.16"]
[SourceVersion "1"]
[SourceVersionDate "1999.11.16"]
[SourceQuality "1"]

1. e4 c5 2. Nf3 e6 3. d4 cxd4 4. Nxd4 a6 5. Bd3 Qc7 6. 0-0 Nf6 7. c4 b6 8. Nc3 Bb7 9. Qe2 d6 10. Bg5 Be7 11. Kh1 Nbd7 12. f4 h6 13. Bh4 Nc5 14. Bc2 Nfxe4 15. Nxe4 Bxh4 16. Nxc5 dxc5 17. Nxe6 fxe6 18. Qh5+ Kd8 19. Qxh4+ Kc8 20. Rae1 Re8 21. f5 Qd6 22. fxe6 1-0

[Event "ROM-chT"]
[Site "Timisu de Sus"]
[Date "1998.??.??"]
[Round "3"]
[White "Andreescu, Aurora Nicoleta"]
[Black "Calota, Alina"]
[Result "1-0"]
[WhiteElo "2080"]
[BlackElo "2175"]
[PlyCount "81"]
[EventDate "1998.11.??"]
[EventType "team"]
[EventRounds "5"]
[EventCountry "ROU"]
[SourceTitle "EXT 2000"]
[Source "ChessBase"]
[SourceDate "1999.11.16"]
[SourceVersion "1"]
[SourceVersionDate "1999.11.16"]
[SourceQuality "1"]

1. e4 g6 2. d4 Bg7 3. Nc3 d6 4. Nf3 a6 5. a4 Nf6 6. Be2 Nc6 7. 0-0 0-0 8. Be3 e5 9. dxe5 dxe5 10. Bg5 Qxd1 11. Rfxd1 Bg4 12. Rd2 Bxf3 13. Bxf3 Nd4 14. Bd1 h6 15. Be3 c5 16. a5 Rad8 17. f3 Rfe8 18. Na4 Bf8 19. c3 Nc6 20. Rxd8 Rxd8 21. Bxc5 Bxc5+ 22. Nxc5 Nxa5 23. b4 Nc4 24. Be2 Nd6 25. Rd1 Nfe8 26. f4 b6 27. fxe5 bxc5 28. exd6 cxb4 29. cxb4 Rxd6 30. Rxd6 Nxd6 31. e5 Nb5 32. Bxb5 axb5 33. Kf2 Kf8 34. Ke3 Ke7 35. Kd4 Ke6 36. Kc5 Kxe5 37. Kxb5 f5 38. Kc6 g5 39. b5 f4 40. b6 g4 41. b7 1-0

[Event "Bucharest Fest IM (Women)"]
[Site "Bucharest"]
[Date "1998.??.??"]
[Round "?"]
[White "Baciu, Anca Otilia"]
[Black "Andreescu, Aurora Nicoleta"]
[Result "0-1"]
[WhiteElo "2185"]
[BlackElo "2080"]
[PlyCount "66"]
[EventDate "1998.10.??"]
[EventType "tourn"]
[EventRounds "11"]
[EventCountry "ROU"]
[EventCategory "5"]
[SourceTitle "EXT 2000"]
[Source "ChessBase"]
[SourceDate "1999.11.16"]
[SourceVersion "1"]
[SourceVersionDate "1999.11.16"]
[SourceQuality "1"]

1. e4 d5 2. exd5 Qxd5 3. Nc3 Qa5 4. d4 Nf6 5. Nf3 Nc6 6. Bb5 Bd7 7. Bd2 0-0-0 8. a3 a6 9. Bc4 Qh5 10. Ne5 Nxd4 11. Qxh5 Nxh5 12. 0-0-0 Be8 13. Bxf7 h6 14. Bxe8 Rxe8 15. Nf7 Rg8 16. Rhe1 e6 17. Ne5 Be7 18. Ne4 Nf6 19. Bb4 Bxb4 20. axb4 Nf5 21. Nc5 g5 22. Nc4 Ng7 23. Re2 Nd5 24. Rde1 Nf4 25. Re5 Nxg2 26. Rg1 Nf4 27. Re4 Rgf8 28. h4 Nh3 29. Rg2 Rxf2 30. Rg3 Rh2 31. hxg5 Nxg5 32. Re1 Nf5 33. Rd3 h5 0-1

[Event "Bucharest Fest IM (Women)"]
[Site "Bucharest"]
[Date "1998.??.??"]
[Round "?"]
[White "Calotescu, Ana Cristina"]
[Black "Andreescu, Aurora Nicoleta"]
[Result "1/2-1/2"]
[WhiteElo "2180"]
[BlackElo "2080"]
[PlyCount "68"]
[EventDate "1998.10.??"]
[EventType "tourn"]
[EventRounds "11"]
[EventCountry "ROU"]
[EventCategory "5"]
[SourceTitle "EXT 2000"]
[Source "ChessBase"]
[SourceDate "1999.11.16"]
[SourceVersion "1"]
[SourceVersionDate "1999.11.16"]
[SourceQuality "1"]

1. Nf3 Nf6 2. g3 d5 3. Bg2 c5 4. 0-0 Nc6 5. d4 Nxd4 6. Nxd4 Bd7 7. c4 e5 8. Nc6 Bxc6 9. Bg5 d4 10. Bxc6+ bxc6 11. f4 e4 12. Nd2 e3 13. Nf3 a5 14. Ne5 Be7 15. Qa4 Kf8 16. Rad1 Kg8 17. Rd3 h6 18. Bh4 Qc7 19. Nxc6 Kh7 20. Rb3 Rhc8 21. Nxe7 Qxe7 22. Rd1 Rab8 23. Rdd3 Rxb3 24. Rxb3 Rd8 25. Bxf6 Qxf6 26. Rd3 g5 27. Qc2 Qg6 28. fxg5 hxg5 29. Qd1 Rd6 30. b4 Qf5 31. bxc5 Qxc5 32. Qc2 Qf5 33. Qd1 Qc5 34. Qc2 Qf5 1/2-1/2

[Event "ROM-chT"]
[Site "Timisu de Sus"]
[Date "1998.??.??"]
[Round "4"]
[White "Foisor, Cristina Adela B"]
[Black "Andreescu, Aurora Nicoleta"]
[Result "1-0"]
[WhiteElo "2405"]
[BlackElo "2080"]
[PlyCount "113"]
[EventDate "1998.11.??"]
[EventType "team"]
[EventRounds "5"]
[EventCountry "ROU"]
[SourceTitle "EXT 2000"]
[Source "ChessBase"]
[SourceDate "1999.11.16"]
[SourceVersion "1"]
[SourceVersionDate "1999.11.16"]
[SourceQuality "1"]

1. c4 Nf6 2. g3 d5 3. cxd5 Nxd5 4. Bg2 Nb6 5. Nc3 g6 6. d3 Bg7 7. Be3 0-0 8. Qc1 Re8 9. Bh6 Bh8 10. h4 N8d7 11. h5 Nf6 12. Nf3 c6 13. hxg6 hxg6 14. Bg5 Bg7 15. Bh6 Bh8 16. Qg5 Qd7 17. Qh4 Qg4 18. Bd2 Qxh4 19. Rxh4 Bg4 20. 0-0-0 Bxf3 21. Bxf3 Rad8 22. a4 Nbd5 23. Rdh1 Bg7 24. Bh6 Nxc3 25. bxc3 Bxh6+ 26. Rxh6 Kg7 27. R6h4 Rh8 28. Kd2 Rxh4 29. Rxh4 a5 30. Rh1 Ne8 31. c4 Nd6 32. c5 Nc4+ 33. Kc3 Ne5 34. Bg2 Ng4 35. Rb1 Rd7 36. Bh3 f5 37. Bxg4 fxg4 38. d4 e6 39. e3 Kf6 40. Rh1 Kg7 41. Kd3 e5 42. Rh4 exd4 43. exd4 Rf7 44. Ke3 Re7+ 45. Kf4 Rf7+ 46. Ke5 Rf5+ 47. Ke6 Rf6+ 48. Kd7 Rxf2 49. Rxg4 Ra2 50. Kc7 Rb2 51. d5 cxd5 52. Rd4 Rb4 53. Rxd5 Rxa4 54. Kxb7 Rb4+ 55. Ka6 Kf7 56. Kxa5 Rb3 57. c6 1-0

[Event "EU-ch U20 Girls"]
[Site "Tallinn"]
[Date "1997.09.11"]
[Round "2"]
[White "Sorli, Maja"]
[Black "Andreescu, Aurora Nicoleta"]
[Result "0-1"]
[WhiteElo "2005"]
[BlackElo "2120"]
[PlyCount "74"]
[EventDate "1997.09.10"]
[EventType "swiss"]
[EventRounds "11"]
[EventCountry "EST"]
[SourceTitle "CBM 059 Extra"]
[Source "ChessBase"]
[SourceDate "1997.09.26"]
[SourceVersion "1"]
[SourceVersionDate "1997.09.26"]
[SourceQuality "1"]

1. e4 d5 2. exd5 Qxd5 3. d4 Nc6 4. Nf3 Bg4 5. Be2 0-0-0 6. c4 Qf5 7. Be3 Nf6 8. h3 Bxf3 9. Bxf3 Nxd4 10. Bxd4 Qe6+ 11. Be2 Qe4 12. Nc3 Qxd4 13. Qa4 Qd2+ 14. Kf1 a6 15. Bf3 Qd7 16. Qb3 c6 17. g3 e5 18. Rd1 Qc7 19. Rxd8+ Qxd8 20. Kg2 Bc5 21. Na4 Bd4 22. c5 Qe7 23. Qc4 Rd8 24. b4 e4 25. Be2 Be5 26. Nb6+ Kb8 27. a4 Rd4 28. Qb3 Rd2 29. Re1 Bc7 30. Qc3 e3 31. f3 Nh5 32. Nc4 Qg5 33. Nxe3 Qxg3+ 34. Kf1 Qxh3+ 35. Ng2 Bg3 36. Qe3 Qh1+ 37. Qg1 Qxg1+ 0-1

[Event "Bucharest TICC (Women)"]
[Site "Bucharest"]
[Date "1997.??.??"]
[Round "?"]
[White "Andreescu, Aurora Nicoleta"]
[Black "Ionescu, Irina"]
[Result "1-0"]
[WhiteElo "2140"]
[BlackElo "2120"]
[PlyCount "80"]
[EventDate "1997.??.??"]
[EventType "tourn"]
[EventRounds "11"]
[EventCountry "ROU"]
[SourceTitle "EXT 2001"]
[Source "ChessBase"]
[SourceDate "2000.11.22"]
[SourceVersion "1"]
[SourceVersionDate "2000.11.22"]
[SourceQuality "1"]

1. e4 g6 2. d4 Bg7 3. Nc3 c6 4. f4 d5 5. e5 Nh6 6. Nf3 f6 7. Bd3 Bg4 8. 0-0 0-0 9. h3 Bxf3 10. Rxf3 fxe5 11. fxe5 e6 12. Rxf8+ Qxf8 13. Ne2 Qe7 14. c4 Nd7 15. cxd5 cxd5 16. Bd2 Nf7 17. Qb3 Nb6 18. Rc1 Bh6 19. Bb4 Qd8 20. Rc2 Be3+ 21. Kh1 Bh6 22. a4 Rc8 23. Bc5 Nd7 24. Be7 Qe8 25. Ba3 Rxc2 26. Qxc2 Qd8 27. Bb4 Nb8 28. Be1 Nc6 29. b4 Ne7 30. b5 Qc8 31. Qb1 Be3 32. Bh4 Nf5 33. Bxf5 gxf5 34. Qe1 f4 35. Bf6 Qf8 36. Qh4 Qh6 37. Qg4+ Qg6 38. Qxe6 h5 39. Qe8+ Kh7 40. e6 Qxf6 1-0

[Event "Bucharest TICC (Women)"]
[Site "Bucharest"]
[Date "1997.??.??"]
[Round "?"]
[White "Baciu, Anca Otilia"]
[Black "Andreescu, Aurora Nicoleta"]
[Result "0-1"]
[WhiteElo "2140"]
[BlackElo "2140"]
[PlyCount "71"]
[EventDate "1997.??.??"]
[EventType "tourn"]
[EventRounds "11"]
[EventCountry "ROU"]
[SourceTitle "EXT 2001"]
[Source "ChessBase"]
[SourceDate "2000.11.22"]
[SourceVersion "1"]
[SourceVersionDate "2000.11.22"]
[SourceQuality "1"]

1. e4 c5 2. Nf3 d6 3. Nc3 Nf6 4. d4 cxd4 5. Nxd4 a6 6. Be2 e5 7. Nb3 Be7 8. 0-0 0-0 9. Be3 Be6 10. Qd2 a5 11. a3 a4 12. Nc1 Nbd7 13. Rd1 Ra5 14. Qe1 d5 15. exd5 Nxd5 16. Nxd5 Rxd5 17. Nd3 f5 18. f3 Bg5 19. Bf1 Re8 20. Bxg5 Qxg5 21. c4 Rd4 22. Nxe5 Rxd1 23. Rxd1 Nf6 24. Qd2 f4 25. Re1 Kh8 26. Qd6 Bg8 27. Nd3 Rxe1 28. Nxe1 Qa5 29. Nd3 Bxc4 30. Nxf4 Qe1 31. Nd3 Qe3+ 32. Kh1 h6 33. Qb4 b5 34. Qc3 Nd5 35. Qc2 Qd4 36. Qc3 0-1

[Event "ROM-chT"]
[Site "Baile Tusnad"]
[Date "1997.??.??"]
[Round "?"]
[White "Calota, Alina"]
[Black "Andreescu, Aurora Nicoleta"]
[Result "1/2-1/2"]
[WhiteElo "2125"]
[BlackElo "2140"]
[PlyCount "42"]
[EventDate "1997.??.??"]
[EventType "team"]
[EventRounds "5"]
[EventCountry "ROU"]
[SourceTitle "EXT 1999"]
[Source "ChessBase"]
[SourceDate "1998.11.16"]
[SourceVersion "1"]
[SourceVersionDate "1998.11.16"]
[SourceQuality "1"]

1. e4 c5 2. Nf3 d6 3. d4 cxd4 4. Nxd4 Nf6 5. Nc3 e5 6. Bb5+ Bd7 7. Bxd7+ Qxd7 8. Nde2 h6 9. Ng3 Nc6 10. Be3 Rd8 11. Qd2 d5 12. exd5 Nxd5 13. Nxd5 Qxd5 14. Qxd5 Rxd5 15. Ke2 Bc5 16. c4 Nd4+ 17. Bxd4 Rxd4 18. b3 g6 19. Rad1 Ke7 20. Rxd4 Bxd4 21. Rd1 Rd8 1/2-1/2

[Event "ROM-ch (Women)"]
[Site "Herculane"]
[Date "1996.??.??"]
[Round "2"]
[White "Andreescu, Aurora Nicoleta"]
[Black "Caravan, Mariana"]
[Result "0-1"]
[WhiteElo "2150"]
[BlackElo "2135"]
[PlyCount "63"]
[EventDate "1996.12.??"]
[EventType "tourn"]
[EventRounds "13"]
[EventCountry "ROU"]
[SourceTitle "EXT 2008"]
[Source "ChessBase"]
[SourceDate "2007.11.25"]
[SourceVersion "1"]
[SourceVersionDate "2007.11.25"]
[SourceQuality "1"]

1. e4 c5 2. Nf3 d6 3. d4 cxd4 4. Nxd4 Nf6 5. Nc3 a6 6. f4 e6 7. Qf3 Qc7 8. g4 Nc6 9. Be3 Be7 10. 0-0-0 0-0 11. g5 Nd7 12. Bd3 Nc5 13. h4 b5 14. Kb1 Bb7 15. h5 b4 16. Nce2 Nxd4 17. Nxd4 f5 18. gxf6 Bxf6 19. Rhg1 Kh8 20. Rde1 Rac8 21. Qg4 e5 22. Ne6 Nxe6 23. Qxe6 Rce8 24. Qg4 exf4 25. Bxf4 Be5 26. Bxe5 dxe5 27. Ref1 Rf4 28. Rxf4 exf4 29. Qf5 Bc8 30. Qg5 Qe5 31. Qg2 a5 32. h6 0-1